|
|
|
|
| LEADER |
00000nam a22000005a 4500 |
| 001 |
vtls011543544 |
| 003 |
SK-MaSNL |
| 005 |
20260223235654.0 |
| 008 |
210928s1975 xr 000 0 ger |
| 040 |
|
|
|a SNK
|b slo
|c SNK
|e AACR2
|
| 041 |
0 |
|
|a ger
|
| 044 |
|
|
|a xr
|c CZ
|
| 245 |
0 |
4 |
|a Die Gewerkschaften in der Tschechoslowakei
|
| 260 |
|
|
|a Prag
|b Veglag der Revolutonären Gewerkschaftsbewegung (ROH) , Práce
|c 1975
|
| 300 |
|
|
|a 93 s. [2] s.
|
| 852 |
|
|
|a Slovenská národná knižnica v Martine
|b 10000
|h SC 36446
|
| 958 |
|
|
|a OND
|
| 999 |
|
|
|c 758839
|d 760769
|
| 952 |
|
|
|a SNK
|b SNK
|y VYP
|7 0
|p 17A1150148
|o snkSC 36446 D1
|i snkKIP 5854/75
|3 rekatalogizácia
|0 0
|1 0
|4 0
|d 2016-04-05
|l 0
|r 2026-02-23 23:56:54
|w 2026-02-23
|